Name the military airports in Texas - Statistics

General Stats
  • This quiz has been taken 4 times
  • The average score is 2 of 15
Answer Stats
City Military Airport % Correct
Abilene Dyess Air Force Base
100%
Spofford Laughlin AFB Auxiliary Field
33%
San Antonio Martindale Army Heliport
33%
Seguin Randolph AFB Auxiliary Field
33%
Universal City Randolph Air Force Base
33%
Fort Bliss / El Paso Biggs Army Airfield
0%
Del Rio Laughlin Air Force Base
0%
Orange Grove NALF Orange Grove
0%
Corpus Christi NAS Corpus Christi
0%
Fort Worth NAS JRB Fort Worth
0%
Kingsville NAS Kingsville
0%
Corpus Christi NOLF Cabaniss Field
0%
Berclair NOLF Goliad
0%
Corpus Christi NOLF Waldron Field
0%
Fort Cavazos / Killeen Yoakum–DeFrenn Army Heliport
0%
No matching quizzes found
Score Distribution
Percent of People with Each Score
Percentile by Number Answered
Your Score History
You have not taken this quiz